000 01041nam0a2200265 4500
001 RU\NLR\bibl\1297143
005 20260406082105.0
010 _a978-5-353-03716-3
_910000
021 _aRU
_b2008-79171
_94599
035 _a(NLR Aleph) 001282760
090 _a509564
_c509564
100 _a20081121d2008 |||y0rusy50 ca
101 0 _arus
102 _aRU
105 _aa |||||||||
200 1 _aСказки о Бабе-Яге и Кощее Бессмертном
_e[для дошкольного и младшего школьного возраста
_fхудож. А. Лебедев]
210 _aМосква
_cРОСМЭН
_cРОСМЭН-ПРЕСС
_d2008
215 _a77, [3] с.
_cцв. ил.
_d28
225 1 _aСказка за сказкой
702 1 _4040
_8rus
_7ca
_aЛебедев
_bА. Б.
_cхудожник-иллюстратор
_f1955-
_gАлександр Борисович
_3RU\NLR\AUTH\7746906
_929841
801 0 _aRU
_bNLR
_c20081121
_gRCR
801 1 _aRU
_bNLR
_c20081121
942 _cBOOK
980 _aNB